00257 a2200109 4500001000700000020000600007040001100013100002700024240004600051245004100097362000900138181700 a  cMagnum aMoreni, Maria (Coord.)10aGeografia e historia em debate/ghd 2lpor10aGeografia e historia em debate/ghd 20 a1899